| 000 | 00491nam a2200133Ia 4500 | ||
|---|---|---|---|
| 005 | 20260209120138.0 | ||
| 008 | 260209s9999||||xx |||||||||||||| ||und|| | ||
| 100 | _aKumar Salva Raghuvanshi | ||
| 245 | 0 | _aJudicial accountability with special reference to appointment of judges | |
| 260 |
_aBangaloreBangalore _bNLSIU _c2017 |
||
| 300 | _a166 p. ; 25 cm. | ||
| 700 | _aProf. (Dr.) R Venkata Rao - GuideProf. (Dr.) R Venkata Rao - Guide | ||
| 856 | _uhttps://dans.nls.ac.in/handle/123456789/1598 | ||
| 999 |
_c217310 _d217310 |
||